000 00342 a2200169 4500
001 186127
020 _a85-08-04252-3
040 _cMagnum
100 _aMarques, Amadeu
240 1 0 _aSkull friends
_lING
245 1 0 _aSkull friends
300 _a
362 0 _a1992
440 1 _aÁtica
697 _aLITERATURA INGLESA
942 _cBK
999 _c186127
_d186127